Loading...

സ്ത്രീ അറിയേണ്ടതെല്ലാം

Bibliografiske detaljer
Format: Printed Book
Udgivet: Kozhikode; Mathrubhumi; 2009
Udgivelse:3rd (1st 2004)
Fag:
LEADER 00639nam a22001577a 4500
082 |a 305.4  |b MAT/S P9 
240 |a Sthree Ariyendathellam 
245 |a സ്ത്രീ അറിയേണ്ടതെല്ലാം  
250 |a 3rd (1st 2004) 
260 |a Kozhikode;  |b Mathrubhumi;  |c 2009 
300 |a 391p. 
650 |a മലയാളം;ഫെമിനിസം/സ്ത്രീവാദം  |9 250843 
650 |a Malayalam; Feminism   |9 250844 
942 |c BK 
999 |c 59541  |d 59541 
952 |0 0  |1 0  |4 0  |6 305_000000000000000_4MAT_S_P9  |7 0  |8 Fem  |9 71392  |a MAL  |b MAL  |d 2016-08-04  |e 55885  |g 200.00  |l 0  |o 305.4MAT/S P9  |p MAL055885  |r 2016-08-04  |t 1  |w 2016-08-04  |y BK